000 01644nam a22003017a 4500
999 _c6496
_d6496
003 OSt
005 20200212115221.0
008 200212s2012 sp d||||r|||| 00| 0 spa d
020 _a9788415504672
040 _aCO-JMCR
_cCO-JMCR
082 _a658.1
_bC335g
100 1 _aRamón, Montserrat Casanovas,
_eautor
_9478
245 1 _aGuía práctica de valoración de empresas
_cMontserrat Casanovas Ramón, Pol Santandreu, Fina Alemany, Carolina Álvarez, Maria Josep Arasa, Marc Garriga, [otros 4]
260 _a[España] :
_bProfit,
_c2012
300 _a125 páginas :
_bilustraciones a blanco y negro ;
_c21 cm.
490 _aColección : MBA práctico
504 _aBibliografía páginas 123-125.
505 _aProceso de metodología de valoración de empresas -- Fundamentos básicos de la valoración de empresas -- Principales métodos de valoración de empresas
520 _aUna completa reseña de diversos modelos de valoración empresarial que opera cómo guía practica de aplicación de casos reales. Estructurado en tres partes el libro de desarrollo primeramente el proceso de metodología de valoración de empresas, presenta luego dos casos prácticos que ayudan la comprensión del tema y detalle en el final de una serie de conclusiones que acompaña de bibliografía esencial.
650 1 4 _aEmpresas comerciales
_xValoración
_9479
650 1 4 _aValoración
_xnegocios
_9480
700 1 _aSantandreu, Pol,
_eautor
_9481
700 1 _aAlemany, Fina
_eautor
_9482
700 1 _aÁlvarez, Carolina,
_eautor
_9483
700 1 _aArasa, Maria Josep,
_eautor
_9484
700 1 _aGarriga, Marc,
_eautor
_9485
942 _2ddc
_cBK